000 00622nam a2200241Ia 4500
003 OSt
005 20220918214411.0
006 a|||||r|||| 00| 0
007 ta
008 220917b |||||||| |||| 00| 0 eng d
024 _a137,281
037 _cTextual
040 _aARTS
_cARTS
_beng
041 _2eng
_aeng
082 _aXM2v, N3
100 _aHarrington Michael
_997571
245 0 _aSocialism
_b past and present
260 _aLondon
_bPluto Press
_c1993
300 _axiv,320p.
_ccm.
650 _aECONOMICS
942 _hXM2v, N3
_cTEXL
_2CC
999 _c260365
_d260365